| 000 | 01179cam a22002651i 4500 | ||
|---|---|---|---|
| 003 | SA-RiAUC | ||
| 005 | 20250102092959.0 | ||
| 008 | 241215s1996 su g 00000 ara c | ||
| 040 |
_aSA-EnSBSSC _bara _cSA-RiAUC _erda |
||
| 043 | _aa-su--- | ||
| 082 | 0 | 4 | _a338.90095312 |
| 090 |
_a338.90095312 _b ن ع ي |
||
| 100 | 1 |
_aالنعيم، عبد العزيز عبد الرحمن _eمؤلف. |
|
| 245 | 1 | 2 |
_aالنهضة الاقتصادية والصناعية والتجارية في المنطقة الغربية / _cتأليف عبد العزيز بن عبد الرحمن النعيم. |
| 250 | _aالطبعة الأولى. | ||
| 264 | 1 |
_aجدة، السعودية : _bعبد العزيز عبد الرحمن النعيم، _c1996 |
|
| 300 |
_a391 صفحة ؛ _c22 ×29 سم |
||
| 336 |
_aنص _btxt _2rdacontent _3كتاب |
||
| 337 |
_aبدون وسيط _bn _2rdamedia |
||
| 338 |
_aمجلد _bnc _2rdacarrier |
||
| 651 | 7 |
_aالمنطقة الغربية (السعودية) _xسياسة اقتصادية _2aucsh |
|
| 651 | 7 |
_aالمنطقة الغربية (السعودية) _xالتجارة _2aucsh |
|
| 942 |
_2ddc _cBOOK _n0 |
||
| 949 |
_aSA-JeALM _d241215 _umohamedma123 _n1 |
||
| 999 |
_c4359 _d4359 |
||